MARC details
| 000 -LEADER |
| fixed length control field |
03011cam a22006738i 4500 |
| 001 - CONTROL NUMBER |
| control field |
ocn958141385 |
| 003 - CONTROL NUMBER IDENTIFIER |
| control field |
OCoLC |
| 005 - DATE AND TIME OF LATEST TRANSACTION |
| control field |
20200320202558.0 |
| 008 - FIXED-LENGTH DATA ELEMENTS--GENERAL INFORMATION |
| fixed length control field |
160907t20172016meu db 000 1deng |
| 010 ## - LIBRARY OF CONGRESS CONTROL NUMBER |
| LC control number |
2016041098 |
| 020 ## - INTERNATIONAL STANDARD BOOK NUMBER |
| International Standard Book Number |
9781410495952 |
| Qualifying information |
(hardcover) |
| 020 ## - INTERNATIONAL STANDARD BOOK NUMBER |
| International Standard Book Number |
1410495957 |
| Qualifying information |
(hardcover) |
| 020 ## - INTERNATIONAL STANDARD BOOK NUMBER |
| Terms of availability |
35.99 |
| 035 ## - SYSTEM CONTROL NUMBER |
| System control number |
(OCoLC)958141385 |
| 040 ## - CATALOGING SOURCE |
| Original cataloging agency |
DLC |
| Language of cataloging |
eng |
| Description conventions |
rda |
| Transcribing agency |
DLC |
| Modifying agency |
OCLCO |
| -- |
BTCTA |
| -- |
CLE |
| -- |
OCLCF |
| -- |
OCLCO |
| -- |
ORX |
| -- |
IK2 |
| -- |
BKL |
| -- |
FEM |
| -- |
JNE |
| -- |
IHX |
| -- |
NDS |
| -- |
VHP |
| -- |
PFLCL |
| -- |
WACOL |
| 042 ## - AUTHENTICATION CODE |
| Authentication code |
pcc |
| 043 ## - GEOGRAPHIC AREA CODE |
| Geographic area code |
n-ust-- |
| 049 ## - LOCAL HOLDINGS (OCLC) |
| Holding library |
WACL |
| 050 10 - LIBRARY OF CONGRESS CALL NUMBER |
| Classification number |
PS3557.R56 |
| Item number |
P37 2016b |
| 082 00 - DEWEY DECIMAL CLASSIFICATION NUMBER |
| Classification number |
813/.54 |
| Edition number |
23 |
| 084 ## - OTHER CLASSIFICATION NUMBER |
| Classification number |
FIC014000 |
| Source of number |
bisacsh |
| 092 ## - LOCALLY ASSIGNED DEWEY CALL NUMBER (OCLC) |
| Classification number |
FLP |
| Item number |
Gro |
| 100 1# - MAIN ENTRY--PERSONAL NAME |
| Personal name |
Groom, Winston, |
| Dates associated with a name |
1944- |
| Relator term |
author. |
| 9 (RLIN) |
4827 |
| 245 10 - TITLE STATEMENT |
| Title |
El Paso / |
| Statement of responsibility, etc |
Winston Groom. |
| 250 ## - EDITION STATEMENT |
| Edition statement |
Large print edition. |
| 264 #1 - Production, Publication, Distribution, Manufacture, and Copyright Notice. |
| Place of production, publication, distribution, manufacture |
Waterville, Maine : |
| Name of producer, publisher, distributor, manufacturer |
Thorndike Press, |
| Date of production, publication, distribution, manufacture, or copyr |
2017. |
| 264 #4 - Production, Publication, Distribution, Manufacture, and Copyright Notice. |
| Date of production, publication, distribution, manufacture, or copyr |
©2016 |
| 300 ## - PHYSICAL DESCRIPTION |
| Extent |
817 pages (large print) ; |
| Dimensions |
23 cm. |
| 336 ## - Content Type |
| Content type term |
text |
| 337 ## - Media type |
| Media type term |
unmediated |
| 338 ## - Carrier type |
| Carrier type term |
volume |
| 340 ## - PHYSICAL MEDIUM |
| -- |
large print |
| -- |
rda |
| 490 0# - SERIES STATEMENT |
| Series statement |
Thorndike Press large print basic |
| 504 ## - BIBLIOGRAPHY, ETC. NOTE |
| Bibliography, etc |
Includes bibliographical references (pages 809-813). |
| 520 ## - SUMMARY, ETC. |
| Summary, etc |
This book pits the legendary Pancho Villa, a much-feared outlaw and revolutionary, against a thrill-seeking railroad tycoon known as the Colonel, whose fading fortune is tied up in a colossal ranch in Chihuahua, Mexico. But when Villa kidnaps the Colonel's grandchildren in the midst of a cattle drive, and absconds into the Sierra Madre, the aging New England patriarch and his adopted son head to El Paso, hoping to find a group of cowboys brave enough to hunt the Generalissimo down. |
| 600 10 - SUBJECT ADDED ENTRY--PERSONAL NAME |
| Personal name |
Villa, Pancho, |
| Dates associated with a name |
1878-1923 |
| Form subdivision |
Fiction. |
| 9 (RLIN) |
5933463 |
| 600 17 - SUBJECT ADDED ENTRY--PERSONAL NAME |
| Personal name |
Villa, Pancho, |
| Dates associated with a name |
1878-1923. |
| Source of heading or term |
fast |
| -- |
(OCoLC)fst00004328 |
| 9 (RLIN) |
5933464 |
| 650 #0 - SUBJECT ADDED ENTRY--TOPICAL TERM |
| Topical term or geographic name as entry element |
Kidnapping |
| Form subdivision |
Fiction. |
| 9 (RLIN) |
5673693 |
| 650 #0 - SUBJECT ADDED ENTRY--TOPICAL TERM |
| Topical term or geographic name as entry element |
Outlaws |
| Form subdivision |
Fiction. |
| 9 (RLIN) |
5675109 |
| 650 #0 - SUBJECT ADDED ENTRY--TOPICAL TERM |
| Topical term or geographic name as entry element |
Frontier and pioneer life |
| Geographic subdivision |
Southwest, New |
| Form subdivision |
Fiction. |
| 9 (RLIN) |
5933465 |
| 651 #0 - SUBJECT ADDED ENTRY--GEOGRAPHIC NAME |
| Geographic name |
El Paso (Tex.) |
| General subdivision |
History |
| Chronological subdivision |
20th century |
| Form subdivision |
Fiction. |
| 9 (RLIN) |
5933466 |
| 650 #7 - SUBJECT ADDED ENTRY--TOPICAL TERM |
| Topical term or geographic name as entry element |
Frontier and pioneer life. |
| Source of heading or term |
fast |
| -- |
(OCoLC)fst00935370 |
| 9 (RLIN) |
5933467 |
| 650 #7 - SUBJECT ADDED ENTRY--TOPICAL TERM |
| Topical term or geographic name as entry element |
Kidnapping. |
| Source of heading or term |
fast |
| -- |
(OCoLC)fst00987322 |
| 9 (RLIN) |
5933468 |
| 650 #7 - SUBJECT ADDED ENTRY--TOPICAL TERM |
| Topical term or geographic name as entry element |
Outlaws. |
| Source of heading or term |
fast |
| -- |
(OCoLC)fst01049233 |
| 9 (RLIN) |
5933469 |
| 651 #7 - SUBJECT ADDED ENTRY--GEOGRAPHIC NAME |
| Geographic name |
Southwest, New. |
| Source of heading or term |
fast |
| -- |
(OCoLC)fst01244556 |
| 9 (RLIN) |
5933470 |
| 650 #7 - SUBJECT ADDED ENTRY--TOPICAL TERM |
| Topical term or geographic name as entry element |
FICTION / Historical. |
| Source of heading or term |
bisacsh |
| 9 (RLIN) |
5673672 |
| 650 #4 - SUBJECT ADDED ENTRY--TOPICAL TERM |
| Topical term or geographic name as entry element |
Large type books. |
| 9 (RLIN) |
5933471 |
| 655 #0 - INDEX TERM--GENRE/FORM |
| Genre/form data or focus term |
Large type books. |
| 9 (RLIN) |
5933472 |
| 655 #7 - INDEX TERM--GENRE/FORM |
| Genre/form data or focus term |
Historical fiction. |
| Source of term |
lcgft |
| 9 (RLIN) |
5933473 |
| 655 #7 - INDEX TERM--GENRE/FORM |
| Genre/form data or focus term |
Western fiction. |
| Source of term |
lcgft |
| 9 (RLIN) |
5687771 |
| 655 #7 - INDEX TERM--GENRE/FORM |
| Genre/form data or focus term |
Action and adventure fiction. |
| Source of term |
lcgft |
| 9 (RLIN) |
5687309 |
| 655 #7 - INDEX TERM--GENRE/FORM |
| Genre/form data or focus term |
Western stories. |
| Source of term |
gsafd |
| 9 (RLIN) |
5933474 |
| 655 #7 - INDEX TERM--GENRE/FORM |
| Genre/form data or focus term |
Fiction. |
| Source of term |
fast |
| -- |
(OCoLC)fst01423787 |
| 9 (RLIN) |
5673940 |
| 938 ## - |
| -- |
Baker and Taylor |
| -- |
BTCP |
| -- |
BK0019577912 |
| 942 ## - ADDED ENTRY ELEMENTS (KOHA) |
| Koha item type |
BOOK |
| 948 ## - LOCAL PROCESSING INFORMATION (OCLC); SERIES PART DESIGNATOR (RLIN) |
| Series part designator, SPT (RLIN) |
02/10/2017 |
| z (OCLC) |
Sirsi |
| 994 ## - |
| -- |
C0 |
| -- |
WACOL |
| 996 ## - |
| -- |
138032 |
| -- |
34301001485798 |
| -- |
FLP |
| -- |
bk |
| -- |
wcl |
| -- |
i |
| -- |
6 |
| -- |
35.99 |
| -- |
gale |
| -- |
Gro |
| -- |
02/10/2017 |
| -- |
01/11/2020 |
| -- |
01/03/2020 |